000
00293nam a22001337a 4500
008
181203b xxu||||| |||| 00| 0 eng d
020
_a
9780077702519
041
_a
eng
080
_2
10th
_a
336
100
_a
56
101
_a
FIN
245
_a
Personal Finance
_c
Kapoor,J.R
942
_2
udc
_c
BK
999
_c
52737
_d
52737